LEADER 01083nam a2200277 u 4500 001 000000061726 003 CaOOAMICUS 005 20070226121045.0 008 010912s1947 it u000 u ita u 035 $a10902524 040 $aPUL(R)$bita 041 1 $aita$hrus 100 1 $aLenin, Vladimir Il'ic,$d1870-1924.$0(OLS)http://pul/name/36997 245 10$aSul movimento operaio italiano /$cLenin. 260 $aRoma :$bRinascita,$c1947. 300 $axii, 215 p. ;$c21 cm 490 1 $aClassici del Marxismo ;$v20 504 $aBibliografia in nota. 650 4$aMarxismo.$0(OLS)http://pul/subject/4889 650 4$aSocialismo$xStoria.$0(OLS)http://pul/subject/7757 830 0$aClassici del Marxismo ;$v20.$0(OLS)http://pul/title/59422 850 $aPUL 852 $aPUL$W1$xDP1 Cons. Gen., Altre Classi 1$y22$m45 C 5$j80362$nBK-PRI$b $qStampati$B80362$CPULBib$Z2$F80362 $H $81 941 1 $a8 996 $6245$aSul movimento operaio italiano$9(OLS)http://pul/title/82401 996 $6260$aRoma :$bRinascita$9(OLS)http://pul/publisher/70147 LEADER 01287nam a2200313 a 4500 001 000000124820 003 CaOOAMICUS 005 20240509112150.0 008 110325s2010 it u000 u ita r 020 $a978-88-348-1487-1 032 $aLibriCat 040 $aPUL$bita 082 04$a341.2 245 00$aDiritto dell'Unione Europea :$bparte speciale /$cAdelina Adinolfi ... [et al.] ; a cura di Girolamo Strozzi. 250 $a3. ed. 260 $aTorino :$bG. Giappichelli,$cİ2010. 300 $aXII, 499 p. ;$c24 cm. 504 $aBibliografia in nota. 610 14$aUnione europea$xDiritto.$0(OLS)http://pul/subject/27384 700 1 $aAdinolfi, Adelina,$d1956-$0(OLS)http://pul/name/76201 700 1 $aStrozzi, Girolamo.$0(OLS)http://pul/name/72207 850 $aPUL 852 $aPUL$W1$xSL Diritto e Scienze Sociali 3$y79$m341. 2 STRGI 1$j143736$qDDC 21$B142748$CPULBib$Z2$F142748 $H116309 $82 941 1 $a9 996 $6020$a978-88-348-1487-1$9(OLS)http://pul/number/146770 996 $6082$a341.2$9(OLS)http://pul/classification/1860 996 $6245$aDiritto dell'Unione Europea :$bparte speciale$9(OLS)http://pul/title/157369 996 $6260$aTorino :$bG. Giappichelli$9(OLS)http://pul/publisher/49130